Mort subite Capitales et pays (monde) - Statistiques

Statistiques générales
  • Ce quiz a été pris 419 fois
    331 depuis la dernière actualisation
  • Le résultat moyen est 11 sur 30
Answers on the Grid
Answers color-coded by a green-red scale on the quiz's grid according to % correct below.
Abuja - Ghana
Dodoma - Tanzanie
Bakou - Irak
Managua - Bahrein
Accra - Nigeria
Bangui - Centrafrique
Mbabane - Mozambique
Berlin - Allemagne
Nukuʻalofa - Mauritanie
Riga - Arabie saoudite
Saint-Georges - Antigua-et-Barbuda
Amman - Pays-Bas
Brazzaville - Congo
Maputo - Eswatini
Dacca - Bangladesh
Katmandou - Népal
Lusaka - Zambie
Bucarest - Hongrie
Riyad - Lettonie
Doha - Qatar
Nouakchott - Tonga
Budapest - Roumanie
San José - Salvador
Kingstown - Saint-Vincent-et-les-Grenadines
Bamako - Mali
Port d'Espagne - Vanuatu
Dakar - Sénégal
Victoria - Albanie
Banjul - Saint-Christophe-et-Niévès
Amsterdam - Jordanie
Manama - Nicaragua
Berne - Suisse
Kuala Lumpur - Mongolie
Damas - Syrie
Port-Louis- Haïti
Asmara - Kazakhstan
Apia - Samoa
Astana - Erythrée
Khartoum - Soudan
Lima - Pérou
Port Vila - Papouasie-Nouvelle-Guinée
La Havane - Cuba
Oulan-Bator - Malaisie
Kingston - Jamaïque
Washington - Nouvelle-Zélande
Port-au-Prince - Maurice
Luanda - Angola
La Valette - Malte
Port Moresby - Trinité-et-Tobago
Bratislava - Slovaquie
 
Statistiques - réponses
Réponse % Correct
Bakou - Irak
57%
Abuja - Ghana
56%
Riga - Arabie saoudite
55%
Amman - Pays-Bas
53%
Accra - Nigeria
50%
Riyad - Lettonie
46%
Managua - Bahrein
45%
Amsterdam - Jordanie
44%
Budapest - Roumanie
41%
Bucarest - Hongrie
40%
Victoria - Albanie
40%
Washington - Nouvelle-Zélande
39%
Nukuʻalofa - Mauritanie
37%
Kuala Lumpur - Mongolie
35%
Nouakchott - Tonga
34%
Mbabane - Mozambique
32%
San José - Salvador
32%
Oulan-Bator - Malaisie
29%
Port-au-Prince - Maurice
29%
Port-Louis- Haïti
29%
Maputo - Eswatini
28%
Asmara - Kazakhstan
27%
Manama - Nicaragua
27%
Astana - Erythrée
26%
Banjul - Saint-Christophe-et-Niévès
26%
Port d'Espagne - Vanuatu
25%
Port Moresby - Trinité-et-Tobago
22%
Port Vila - Papouasie-Nouvelle-Guinée
22%
Saint-Georges - Antigua-et-Barbuda
21%
Kingston - Jamaïque
3%
Aucun quiz correspondant
Distribution des résultats
% des personnes avec chaque résultat
Percentile par nombre de réponses
Votre historique - résultats
Vous n’avez pas pris ce quiz depuis la dernière actualisation